<?xml version="1.0" encoding="UTF-8"?>
<record
    xmlns:xsi="http://www.w3.org/2001/XMLSchema-instance"
    xsi:schemaLocation="http://www.loc.gov/MARC21/slim http://www.loc.gov/standards/marcxml/schema/MARC21slim.xsd"
    xmlns="http://www.loc.gov/MARC21/slim">

  <leader>01229nam a2200169   4500</leader>
  <controlfield tag="001">13928</controlfield>
  <controlfield tag="005">20250904155722.0</controlfield>
  <datafield tag="090" ind1=" " ind2=" ">
    <subfield code="a">13928</subfield>
  </datafield>
  <datafield tag="099" ind1=" " ind2=" ">
    <subfield code="o">0</subfield>
  </datafield>
  <datafield tag="100" ind1=" " ind2=" ">
    <subfield code="a">20250904d        u||y0frey50      ba</subfield>
  </datafield>
  <datafield tag="200" ind1=" " ind2=" ">
    <subfield code="a">GRRRL</subfield>
    <subfield code="b">LIVR</subfield>
    <subfield code="d">GRRRL</subfield>
  </datafield>
  <datafield tag="214" ind1=" " ind2=" ">
    <subfield code="d">2023</subfield>
  </datafield>
  <datafield tag="323" ind1=" " ind2=" ">
    <subfield code="a">ind&#xE9;fini</subfield>
  </datafield>
  <datafield tag="330" ind1=" " ind2=" ">
    <subfield code="a">GRRRL est une fable moderne sur les contradictions intimes d&#x2019;une soci&#xE9;t&#xE9; patriarcale qui pr&#xE9;tend &#xEA;tre f&#xE9;ministe. Ce sont treize sc&#xE8;nes autonomes qui se d&#xE9;ploient avec humour pour d&#xE9;noncer l'hypocrisie des discours qui s'immiscent dans toutes les strates de la vie. Les sc&#xE8;nes ont lieu dans un comit&#xE9; de lecture, dans une r&#xE9;union parent-prof, dans un rendez-vous m&#xE9;dical, dans une chambre d&#x2019;amoureux, dans les toilettes d&#x2019;une entreprise&#x2026; et &#xE0; chaque fois, les situations d&#xE9;rapent. Le langage trahit et r&#xE9;v&#xE8;le ceux qui n&#x2019;&#xE9;coutent pas les personnages f&#xE9;minins. Que vont-elles faire ? Se taire ? &#xC0; chaque situation, sa r&#xE9;ponse. Mais les zones troubles sont expos&#xE9;es et les femmes pointent les injustices. Avec humour, et sans s&#x2019;enfermer dans la position dans laquelle elles sont plac&#xE9;es, elles expriment leur col&#xE8;re. GRRRL.</subfield>
  </datafield>
  <datafield tag="610" ind1=" " ind2=" ">
    <subfield code="a">F&#xE9;minisme</subfield>
  </datafield>
  <datafield tag="700" ind1=" " ind2=" ">
    <subfield code="a">Garc&#xED;a Pereda </subfield>
    <subfield code="b">Sara </subfield>
  </datafield>
  <datafield tag="702" ind1=" " ind2=" ">
    <subfield code="a">Fullana Lavatelli </subfield>
    <subfield code="b">Emilia </subfield>
  </datafield>
  <datafield tag="995" ind1=" " ind2=" ">
    <subfield code="2">0</subfield>
    <subfield code="5">2025-09-04</subfield>
    <subfield code="9">13819</subfield>
    <subfield code="c">JOL</subfield>
    <subfield code="f">JOL-007627</subfield>
    <subfield code="k">TH GAR X</subfield>
    <subfield code="o">0</subfield>
    <subfield code="b">JOL</subfield>
    <subfield code="r">LIVR</subfield>
  </datafield>
</record>
